Flujo génico entre la Colza (Brassica napus) y la maleza invasora B. napa /

Guardado en:
Autor Principal: Torres Carbonell, Francisco Javier.
Autor Corporativo: Universidad Nacional del Sur. Departamento de Agronomía.
Otros Autores: Ureta, María Soledad, (tutor.)
Formato: Libro
Idioma:Undetermined
Publicado: Bahía Blanca, 2014.
Etiquetas: Agregar Etiqueta
Sin Etiquetas, Sea el primero en etiquetar este registro!
LEADER 00743nam a22001695a 4500
001 EEA.libagro010104
005 20190904081459.0
008 140822s2014####ag############000#0#und#d
082 0 4 |a 633.85 
100 1 |a Torres Carbonell, Francisco Javier. 
245 1 0 |a Flujo génico entre la Colza (Brassica napus) y la maleza invasora B. napa /  |c Francisco Torres Carbonell. 
260 |a Bahía Blanca,  |c 2014. 
300 |a 68 h. :  |b il., fot. col ;  |c 30 cm. 
500 |a Trabajo de intensificación (Ingeniero Agrónomo) -- Universidad Nacional del Sur. Departamento de Agronomía, 2014. 
700 1 |a Ureta, María Soledad,  |e tutor. 
710 2 |a Universidad Nacional del Sur.  |b Departamento de Agronomía. 
859 |a AR-BbBCA  |b BIB. AGRONOMIA  |h 633.85  |i T693  |p 2014/6422